Random Igbo Words - Statistics

General Stats
  • This quiz has been taken 60 times
  • The average score is 5 of 15
Answer Stats
Igbo English % Correct
Mmiri Water
88%
Efere Plate
54%
Sọks Socks
50%
Ncha Soap
48%
Ezé Tooth
48%
Agwa Bean
46%
Ntutu Hair
46%
Imi Nose
44%
Kpakpando Star
38%
Ìhè Light
12%
Imeju Liver
12%
Gburugburu Circle
8%
Ahịhịa Brush
4%
Uakwụkwọ Sheet
4%
Akara Marker
2%
No matching quizzes found
Score Distribution
Percent of People with Each Score
Percentile by Number Answered
Your Score History
You have not taken this quiz